| 000 | 00595nam a22002057a 4500 | ||
|---|---|---|---|
| 003 | OSt | ||
| 005 | 20170213135355.0 | ||
| 008 | 170213b xxu||||| |||| 00| 0 eng d | ||
| 020 | _a9780470035559 | ||
| 040 | _c040a | ||
| 082 |
_aWY 100 _bP329m 2007 |
||
| 100 |
_aPeate, Ian _911525 |
||
| 245 |
_aMen's health: _bthe practice Nurse's handbook / _cIan Peate |
||
| 260 |
_aWest Sussex _bJohn Wiley and sons _c2007 |
||
| 300 |
_aii; 363p: _bill : _c18 cm. |
||
| 504 | _aIncludes bibliographical references and index | ||
| 650 |
_aHealth _92172 |
||
| 650 |
_aMen diseases _911526 |
||
| 942 |
_2z _cO_SHELF |
||
| 999 |
_c5527 _d5527 |
||